00545nam a2200205Ia 450000500170000000800460001703700110006304000080007404000080008204000080009004100080009804100080010608400080011410000390012224500600016126000090022130000100023065000200024070000790026020260430150413.0008 250103s9999 xx 000 0 eng d aTheses aCRL beng ceng 2eng aeng qCRL aKumar Saurabh Au.; Dash Sandip Gu. 0aLand Reforms in Kenya and Zimbabwe: A Comparative Study c2022 a174p. aSocial Sciences aUniversity of Delhi. Faculty of Social Sciences. Deptt. of African Studies